00255nam a2200121Ia 4500100001800000250000600018490000800024654001100032245003700043260002800080082001300108546001200121 aStanley/Paul  a5 v1&2 amanual aStudents solution Manual Physics bJohn Wiley & Sonsc2002 a530bSTA aENGLISH